000
00295nam a22001337a 4500
008
180806b xxu||||| |||| 00| 0 eng d
082
_a
813.52
245
_a
Physical Examination
_c
Bickley,L.S
260
_c
2005
300
_a
1
_f
CD
440
_x
0781760909
760
_b
4th
942
_2
ddc
_c
MX
999
_c
46803
_d
46803